00370nam a2200121Ia 450000500170000000800410001708200150005810000220007324500530009526000410014830000130018950000460020220250515031111.0240331s9999 xx 000 0 und d a302.2bSIV aSivagurunathan, R 0aIlankaiyil Tamilp puthina pathirikaiyan valarchi aVadapalanibKumaran Publishersc1993 a230 p ., aProgress of Tamil Journalism in Sri Lanka